000 00920naa a22002897a 4500
001 BR8900419
003 BR-BrBNA
005 20240918180401.0
007 ta
008 230509b bl.||||| |||| 00| 0 por d
040 _aBR-BrBNA
_bpor
_cBiblioteca Nacional de Agricultura
041 _a(Pt)
072 _aL74
_b8140
090 _aL74 BR8900419
100 1 _aBastos, J.A.M.
245 1 _aImportancia da amonia como substancia ictiotoxica [tucunare, apaiari, acara]
260 3 _aFortaleza, CE (Brasil):
_c1982.
500 _aColetanea de trabalhos tecnicos Fortaleza, CE (Brasil): 1982. p. 115-132 (BR8900419-AM)L74
650 _aPEIXE DE AGUA DOCE
650 _aTANQUE
650 _aACUDE
650 _aAMONIA
650 _aTOXIDEZ
773 0 _tColetanea de trabalhos tecnicos
_wL74 BR8900419
_gFortaleza, CE (Brasil), 1982. p. 115-132
909 _a202404
_bLucia
_c55
_dLucia Elande
942 _cAM
_2AGRIS
999 _c320098
_d320098